000 00413nam a22001577a 4500
005 20251108175606.0
008 250721s2010 xx 000 0 eng d
082 1 4 _aF/JAC
100 1 _aOATES, JOYCE CAROL
245 1 0 _aSHIRLEY JACKSON: NOVELS AND STORIES THE LOTTERY /
264 1 _aNEWYORK :
_bTHE LIBRARY OF AMERCIA,
_c2010.
300 _a827P.
650 1 7 _aNOVELS
942 _2ddc
_cBK
999 _c137742
_d137742